<?xml version="1.0" encoding="UTF-8"?>
<record
    xmlns:xsi="http://www.w3.org/2001/XMLSchema-instance"
    xsi:schemaLocation="http://www.loc.gov/MARC21/slim http://www.loc.gov/standards/marcxml/schema/MARC21slim.xsd"
    xmlns="http://www.loc.gov/MARC21/slim">

  <leader>00922cam a2200265 i 4500</leader>
  <datafield tag="999" ind1=" " ind2=" ">
    <subfield code="c">57424</subfield>
    <subfield code="d">57424</subfield>
  </datafield>
  <controlfield tag="001">18082805</controlfield>
  <controlfield tag="005">20221107122715.0</controlfield>
  <controlfield tag="008">140326s2013    moua     b    001 0 eng  </controlfield>
  <datafield tag="010" ind1=" " ind2=" ">
    <subfield code="a">  2013372098</subfield>
  </datafield>
  <datafield tag="020" ind1=" " ind2=" ">
    <subfield code="a">9781437719369 (hbk)  X</subfield>
  </datafield>
  <datafield tag="041" ind1=" " ind2=" ">
    <subfield code="a">eng</subfield>
  </datafield>
  <datafield tag="080" ind1=" " ind2=" ">
    <subfield code="a">617.3 L-96</subfield>
  </datafield>
  <datafield tag="100" ind1="1" ind2=" ">
    <subfield code="a">Lusardi, Michelle M.</subfield>
    <subfield code="9">8543</subfield>
  </datafield>
  <datafield tag="245" ind1="1" ind2="0">
    <subfield code="a">Orthotics &amp; prosthetics in rehabilitation /</subfield>
    <subfield code="c"> Michelle M. Lusardi, Millee Jorge, Caroline C. Nielsen  </subfield>
  </datafield>
  <datafield tag="246" ind1="3" ind2=" ">
    <subfield code="a">Orthotics and prosthetics in rehabilitation</subfield>
  </datafield>
  <datafield tag="250" ind1=" " ind2=" ">
    <subfield code="a">Third edition.</subfield>
  </datafield>
  <datafield tag="264" ind1=" " ind2="1">
    <subfield code="a">St. Louis, Missouri :</subfield>
    <subfield code="b">Elsevier/Saunders,</subfield>
    <subfield code="c">2013.</subfield>
  </datafield>
  <datafield tag="300" ind1=" " ind2=" ">
    <subfield code="a">851 pages :</subfield>
    <subfield code="b">illustrations ;</subfield>
    <subfield code="c">29 cm.</subfield>
  </datafield>
  <datafield tag="653" ind1=" " ind2=" ">
    <subfield code="a">&#x10DD;&#x10E0;&#x10D7;&#x10DD;&#x10DE;&#x10D4;&#x10D3;&#x10D8;&#x10D0;</subfield>
  </datafield>
  <datafield tag="653" ind1=" " ind2=" ">
    <subfield code="a">&#x10D8;&#x10DC;&#x10DE;&#x10DA;&#x10D0;&#x10DC;&#x10E2;&#x10D4;&#x10D1;&#x10D8;</subfield>
  </datafield>
  <datafield tag="653" ind1=" " ind2=" ">
    <subfield code="a">&#x10DB;&#x10D4;&#x10D3;&#x10D8;&#x10EA;&#x10D8;&#x10DC;&#x10D0;</subfield>
  </datafield>
  <datafield tag="700" ind1="1" ind2=" ">
    <subfield code="a">Jorge, Milagros.</subfield>
    <subfield code="e">&#x10D0;&#x10D5;&#x10E2;&#x10DD;&#x10E0;&#x10D8;</subfield>
    <subfield code="9">8548</subfield>
  </datafield>
  <datafield tag="700" ind1="1" ind2=" ">
    <subfield code="a">Nielsen, Caroline C.</subfield>
    <subfield code="e">&#x10D0;&#x10D5;&#x10E2;&#x10DD;&#x10E0;&#x10D8;</subfield>
    <subfield code="9">8549</subfield>
  </datafield>
  <datafield tag="942" ind1=" " ind2=" ">
    <subfield code="2">udc</subfield>
    <subfield code="c">BK</subfield>
  </datafield>
  <datafield tag="952" ind1=" " ind2=" ">
    <subfield code="0">0</subfield>
    <subfield code="1">0</subfield>
    <subfield code="2">udc</subfield>
    <subfield code="4">0</subfield>
    <subfield code="6">6173_L96</subfield>
    <subfield code="7">0</subfield>
    <subfield code="9">89136</subfield>
    <subfield code="a">CPL</subfield>
    <subfield code="b">CPL</subfield>
    <subfield code="c">GEN</subfield>
    <subfield code="d">2020-06-18</subfield>
    <subfield code="g">306.00</subfield>
    <subfield code="o">617.3 L-96</subfield>
    <subfield code="p">60620</subfield>
    <subfield code="r">2020-06-18</subfield>
    <subfield code="t">60620</subfield>
    <subfield code="w">2020-06-18</subfield>
    <subfield code="y">BK</subfield>
    <subfield code="z">306 &#x10DA;.</subfield>
  </datafield>
</record>
